| 000 | 00438nam a2200157Ia 4500 | ||
|---|---|---|---|
| 008 | 151213s9999 xx 000 0 und d | ||
| 100 | _aD.C. Sancheti & V. K.Kapoor | ||
| 245 |
_aBusiness Mathematics _cD.C. Sancheti & V. K.Kapoor |
||
| 250 | _a11th | ||
| 260 |
_aNew Delhi _bSultan Chand and Sons _c1993 |
||
| 300 | _a6564 p. | ||
| 650 | _aMathematics | ||
| 650 | _aMathematics` | ||
| 700 | _aD.C. Sancheti & V. K.Kapoor | ||
| 999 |
_c3646 _d3646 |
||